000 00547nam a2200181Ia 4500
003 IN-BaIIA
008 211028s9999 xx 000 0 eng d
020 _a1-9765-0116
040 _cIIA Library
080 _a52-36
_bYOU
100 _aYoung, Richard S.
_94922
245 0 _aExtraterrestrial biology
_cRichard S. Young
260 _aNew York
_bHolt Rinehard and Winston
_c1966
300 _a119p.
650 _aAstronomy and astrophysics thesaurus
650 _aExtraterrestrial life
_94250
942 _cBK
999 _c2751
_d2751